Most Guessed US States - Statistics

General Stats
  • This quiz has been taken 188 times
    103 since last reset
  • The average score is 8 of 10
Answer Stats
% guessed Country % Correct
96% California
98%
94% Florida
96%
94% New York
94%
96% Texas
94%
92% Washington
86%
88% Alaska
70%
83% Hawaii
68%
83% Alabama
62%
84% Nevada
61%
83% North Dakota
32%
No matching quizzes found
Score Distribution
Percent of People with Each Score
Percentile by Number Answered
Your Score History
You have not taken this quiz since the last reset